La natura secondo Pitagora
Saved in:
| Hovedforfatter: | |
|---|---|
| Format: | Bog |
| Sprog: | italiensk |
| Udgivet: |
Atanòr
1914
|
| Serier: | La Sapienza Italica, 1
|
| Fag: | |
| Tags: |
Tilføj Tag
Ingen Tags, Vær først til at tagge denne postø!
|
MARC
| LEADER | 00000nam a2200000 a 4500 | ||
|---|---|---|---|
| 001 | UCY5849 | ||
| 003 | CL-VaPUC | ||
| 008 | 950512e19140000IT |||||||||||||||||ita|d | ||
| 082 | 0 | 4 | |a 182.2 |b CAP |2 21 |
| 100 | 0 | |a Caporali, Enrico |e author |9 335200 | |
| 245 | 1 | 3 | |a La natura secondo Pitagora |
| 300 | |a 194 p | ||
| 942 | |c BK | ||
| 945 | |d 19950512 00:00:00 |a oaravena | ||
| 260 | |b Atanòr |c 1914 | ||
| 600 | 0 | 7 | |a PITAGORAS |2 CL-VaPUC |9 335201 |
| 650 | 0 | |a Filosofía antigua |9 255705 | |
| 650 | 0 | |a Presocráticos |9 325852 | |
| 650 | 0 | |a Filosofía del espíritu |9 320175 | |
| 650 | 7 | |a FILOSOFIA POLITICA |2 CL-VaPUC |9 335202 | |
| 651 | 0 | |a Grecia |9 265314 | |
| 583 | |a last modification |c 20120828 09:41:23 |k Rodrigo Vera | ||
| 490 | 0 | |a La Sapienza Italica, 1 | |
| 999 | |c 233456 |d 233454 | ||
| 952 | |0 0 |1 0 |4 0 |6 182_200000000000000_CAP_1914 |7 0 |8 P |9 239001 |a BIBEDU |b BIBEDU |c BIBEDU_PB |d 2019-11-18 |i 1501046 |o 182.2 CAP 1914 |p 1501046 |r 2024-01-25 |w 2019-11-18 |y BK |k FIL | ||